| 000 | 00694nam a2200217 a 4500 | ||
|---|---|---|---|
| 005 | 20240228063832.0 | ||
| 008 | 991125s1998 mx 000 0 spa u | ||
| 020 | _a9681657152 | ||
| 035 | _aUPN01000040891 | ||
| 049 | _aI | ||
| 050 | 4 |
_aPZ78 _bK3.68 |
|
| 100 | 1 |
_aKasparavicius, Kestutis, _d1954- _933365 |
|
| 245 | 1 | 0 |
_aNavidad en familia / _cKestutis Kasparavicius ; tr. Alberto Cue. |
| 260 |
_aMéxico : _bFCE, _c1998. |
||
| 300 |
_a[22] p. : _bprincipalmente il. |
||
| 440 | 0 | _aA la orilla del viento | |
| 500 | _aVersión libre a partir de los versos de Paul Maar | ||
| 650 | 4 |
_aCUENTOS INFANTILES LITUANOS _921782 |
|
| 650 | 4 |
_aLibros y lectura para niños _92290 |
|
| 905 | _aInfantil | ||
| 999 |
_c40891 _d40891 |
||